000 00442nam a2200157 4500
003 OSt
008 240702b |||||||| |||| 00| 0 eng d
020 _a9780141986104
100 _aMAZZUCATO, Mariana
245 _aThe Entrepreneurial State
_bDebunking Public vs. Private Sector Myths
250 _a10th
_bAnniversary Ed.
260 _aLondon
_bPenguin Random House
_c2023
300 _axxvii, 260 p.
650 _aGeneral
942 _2ddc
_cBK
999 _c12752
_d12752